000
00317nam a2200133Ia 4500
008
240624s9999 xx 000 0 und d
041
_a
eng
082
_a
658 JAY
100
_a
JAYARAMAN P
245
_a
MANAGEMENT ICONS
260
_c
2007
_a
New Delhi
_b
Excel Books
300
_a
186 : p. : cm. ; 22
365
_c
RS
_b
35
999
_c
13767
_d
13767